|
|
|
|
| LEADER |
00704cam a2200229 7i4500 |
| 001 |
0000041311 |
| 005 |
20170218090000.0 |
| 020 |
|
|
|a 0273745964 (pbk.)
|
| 020 |
|
|
|a 9780273745969
|
| 090 |
0 |
0 |
|a HF5635
|b .A64 2011
|
| 100 |
1 |
|
|a Atrill, Peter
|
| 245 |
1 |
0 |
|a Accounting and finance for non-specialists
|c Peter Atrill and Eddie McLaney.
|
| 250 |
|
|
|a 7th ed.
|
| 260 |
|
|
|a Harlow, England:
|b Pearson,
|c 2011.
|
| 300 |
|
|
|a xxvi, 576 p.;
|c 24 cm.
|
| 650 |
0 |
0 |
|a Financial statements
|
| 650 |
0 |
0 |
|a Accounting
|
| 700 |
1 |
|
|a McLaney, Eddie
|
| 997 |
|
|
|a Business & Accountancy, Faculty
|
| 998 |
|
|
|a Accountancy, Degree
|
| 998 |
|
|
|a Accountancy, Diploma
|
| 999 |
|
|
|a 0000053557
|b BOK
|c OPEN SHELF
|e 1st Floor, Shah Alam
|